Cargando...

Shaping the archive in late medieval England : history, poetry, and performance /

"Sarah Elliott Novacich explores how medieval thinkers pondered the ethics and pleasures of the archive. She traces three episodes of sacred history - the loss of Eden, the loading of Noah's ark, and the Harrowing of Hell - across works of poetry, performance records, and iconography in or...

Descrición completa

Detalles Bibliográficos
Autor Principal: Sarah Elliott Novacich
Formato: Printed Book
Publicado: New Delhi: Cambridge, 2017.
Series:Cambridge studies in Medieval literature ;
Subjects:
LEADER 02348cam a22002298i 4500
020 |a 9781107177055 (hardback) 
082 0 0 |a 820.938 23  |b SAR/S 
100 1 |a Sarah Elliott Novacich   |9 24748 
245 1 0 |a Shaping the archive in late medieval England :  |b history, poetry, and performance /  |c by Sarah Elliott Novacich. 
260 |a New Delhi:  |b Cambridge,  |c 2017. 
300 |a 214p. 
490 0 |a Cambridge studies in Medieval literature ; 
520 |a "Sarah Elliott Novacich explores how medieval thinkers pondered the ethics and pleasures of the archive. She traces three episodes of sacred history - the loss of Eden, the loading of Noah's ark, and the Harrowing of Hell - across works of poetry, performance records, and iconography in order to demonstrate how medieval artists turned to sacred history to think through aspects of cultural transmission. Performances of the loss of Eden blur the relationship between original and record; stories of Noah's ark foreground the difficulty of compiling inventories; and engagements with the Harrowing of Hell suggest the impossibility of separating the past from the present. Reading Middle English plays alongside chronicles, poetry, and works of visual art, Shaping the Archive in Late Medieval England considers how poetic form, staging logistics, and the status of performance all contribute to our understanding of the ways in which medieval thinkers imagined the archive"-- 
520 |a "This series of critical books seeks to cover the whole area of literature written in the major medieval languages - the main European vernaculars, and medieval Latin and Greek - during the period c.1100-1500. Its chief aim is to publish and stimulate fresh scholarship and criticism on medieval literature, special emphasis being placed on understanding major works of poetry, prose, and drama in relation to the contemporary culture and learning which fostered them"-- 
650 0 |a English literature  |9 24749 
650 0 |a Religion in literature.  |9 24750 
650 0 |a Holy, The, in literature.  |9 24751 
650 0 |a Christianity and literature  |z England  |9 24752 
650 0 |a Civilization, Medieval, in literature.  |9 24753 
942 |c BK 
999 |c 68737  |d 68737 
952 |0 0  |1 0  |4 0  |6 820_938000000000000_23_SAR_S  |7 0  |9 89192  |a SSUS  |b SSUS  |c REF  |d 2017-11-18  |g 5602.14  |o 820.938 23 SAR/S  |p 086173  |r 2017-11-18  |w 2017-11-18  |y REF